000 00315nam a2200145Ia 4500
003 OSt
005 20240311110424.0
008 170524s9999 xx 000 0 und d
020 _a-0706998979
040 _ciimtu
100 _aPANDEY- IM
245 0 _aMANAGEMENT ACCOUNTING
260 _bHIMALAYA
942 _2ddc
_c02
999 _c8041
_d8041